00361nam a2200121Ia 4500008004100000041000800041082002000049100002500069245007800094260004100172300000900213999001700222230128s9999 xx 000 0 und d aeng aWIL XB0140bWIL aWilliams R S9118988 aManaging employee performance : design and implementation in organisation c2003bThomson publicationaNew Delhi a278p c97291d97291